000 00286nam a22001217a 4500
008 170704b xxu||||| |||| 00| 0 eng d
041 _aeng
080 _a82
100 _a22
101 _aGJL
245 _aTHE MENTOR BOOK OF MAJOR AMERICAN POETS
_cWILLIAM.O
942 _2udc
_cBK
999 _c19898
_d19898